[Event "Mechanics' Summer TNM; 30/90, SD/30"]
[Site "San Francisco"]
[Date "2013.06.11"]
[Round "3.31"]
[White "Allen, Tom"]
[Black "Hilliard, Michael"]
[Result "1-0"]
[WhiteElo "1565"]
[BlackElo "1447"]
[PlyCount "63"]
[EventDate "2013.??.??"]

1. e4 c6 2. Nc3 d5 3. Nf3 dxe4 4. Nxe4 Bf5 5. Ng3 Bg6 6. Ne5 Qd6 7. d4 Nd7 8.
Nxg6 hxg6 9. Be3 O-O-O 10. Ne4 Qb4+ 11. c3 Qxb2 12. Bc4 f5 13. Rb1 Qa3 14. Bc1
Qa5 15. Qb3 b5 16. Ng5 Ngf6 17. Nf7 Rh4 18. Nxd8 Kxd8 19. Bf7 Rxd4 20. O-O Ra4
21. Rd1 Rxa2 22. Qxa2 Qxa2 23. Bxa2 Kc7 24. Be6 Nb6 25. Bf4+ Kb7 26. Rd8 Ne4
27. Rxf8 Nxc3 28. Rb8+ Ka6 29. Ra1+ Nba4 30. Bd2 Ne2+ 31. Kf1 Nd4 32. Bc8# 1-0

[Event "Mechanics' Fall TNM; 30/90, SD/30"]
[Site "San Francisco"]
[Date "2013.12.03"]
[Round "7.35"]
[White "Allen, Tom"]
[Black "Kadri, Barbara"]
[Result "1-0"]
[WhiteElo "1580"]
[BlackElo "705"]
[Annotator "Winslow,Elliott C"]
[PlyCount "75"]
[EventDate "2013.??.??"]

1. e4 e6 2. d4 Nf6 3. e5 Nd5 4. Nf3 Nc6 5. Bd3 Bb4+ 6. c3 Ba5 7. O-O O-O 8. b4
(8. Bxh7+ $18) 8... Bb6 9. a4 a5 10. b5 Nce7 11. Qc2 Ng6 12. Na3 c6 13. Bd2 Bc7
14. Ng5 Ndf4 15. Bxf4 b6 16. Bd2 Bb7 17. Ne4 Qb8 18. Nc4 Nf4 19. Bxf4 Qd8 20.
Ned6 Rb8 21. Bxh7+ Kh8 22. Rfe1 Qh4 23. Bg3 Qxh7 24. Re4 cxb5 25. Rh4 Qxh4 26.
Bxh4 Bd5 27. Nxb5 Bd8 28. Bxd8 Rfxd8 29. Ncd6 f6 30. Nf7+ Kg8 31. Nxd8 Rxd8 32.
Nd6 fxe5 33. Qg6 exd4 34. cxd4 Rf8 35. Rc1 b5 36. Rc7 bxa4 37. Rxd7 a3 38.
Qxg7# 1-0

[Event "Mechanics' Fall TNM; 30/90, SD/30"]
[Site "San Francisco"]
[Date "2013.10.29"]
[Round "2.16"]
[White "Allen, Tom"]
[Black "Klinetobe, David"]
[Result "0-1"]
[WhiteElo "1580"]
[BlackElo "2035"]
[PlyCount "32"]
[EventDate "2013.??.??"]

1. e4 e6 2. d4 d5 3. Nd2 Nf6 4. e5 Nfd7 5. Bd3 c5 6. c3 Nc6 7. f4 $2 cxd4 8.
cxd4 Nxd4 9. Nb3 Nxb3 10. Qxb3 Nc5 11. Bb5+ Bd7 12. Bxd7+ Qxd7 13. Qd1 Ne4 14.
Ne2 Bb4+ 15. Kf1 Bc5 16. g3 Nf2 0-1

[Event "Mechanics' Winter TNM; 30/90, SD/30"]
[Site "San Francisco"]
[Date "2013.01.29"]
[Round "4.31"]
[White "Allen, Tom"]
[Black "Langrog, Alex"]
[Result "1-0"]
[WhiteElo "1535"]
[BlackElo "1332"]
[PlyCount "103"]
[EventDate "2013.??.??"]

1. e4 c5 2. d4 cxd4 3. c3 dxc3 4. Nxc3 e6 5. Nf3 Nc6 6. Bc4 Bb4 7. O-O Bxc3 8.
bxc3 Qc7 9. Qe2 Nge7 10. Nd4 O-O 11. Nb5 Qe5 12. Ba3 a6 13. Bd6 Qf6 14. Nc7 b5
15. Nxa8 bxc4 16. Nb6 e5 17. Nxc8 Rxc8 18. Rfd1 Ng6 19. Qxc4 Nf4 20. Qxa6 Re8
21. Bc5 Qg6 22. Qf1 h5 23. Rxd7 Rb8 24. Rd6 Qxe4 25. Re1 Qa4 26. Rd2 Qa5 27.
Qc4 Rb5 28. Be3 Ne7 29. Bxf4 exf4 30. Rde2 Ng6 31. a4 Rg5 32. f3 Ne5 33. Qxf4
Nd3 34. Qb8+ Kh7 35. Qb1 Qf5 36. Re3 Nxe1 37. Qxf5+ Rxf5 38. Rxe1 Ra5 39. Ra1
Kg6 40. Kf2 Kf5 41. Ke3 Ke5 42. g3 Kd5 43. Kd3 g5 44. h3 f5 45. g4 fxg4 46.
fxg4 hxg4 47. hxg4 Ke5 48. Kc4 Kf4 49. Kb4 Re5 50. a5 Kxg4 51. a6 Re8 52. a7
1-0

[Event "Mechanics' Winter TNM; 30/90, SD/30"]
[Site "San Francisco"]
[Date "2013.01.15"]
[Round "2.22"]
[White "Allen, Tom"]
[Black "Ortega, Bill"]
[Result "0-1"]
[WhiteElo "1535"]
[BlackElo "2068"]
[Annotator "Donaldson"]
[PlyCount "40"]
[EventDate "2013.??.??"]

1. e4 d5 2. exd5 Nf6 3. c4 c6 4. dxc6 $2 (4. d4 cxd5 5. Nc3) 4... Nxc6 5. Nf3
e5 6. Nc3 Bf5 7. Qe2 Bd6 8. d4 O-O 9. c5 Nxd4 10. Nxd4 exd4 11. cxd6 Re8 12.
Be3 dxc3 13. bxc3 Qxd6 14. Rd1 Qa3 15. Qc4 Rac8 16. Qb3 Qa5 17. Bc4 Qc7 18. Rd4
Ng4 19. Kd2 Ne5 20. Bxf7+ Qxf7 0-1

[Event "Mechanics' Neil Falconer TNM; 30/90, SD"]
[Site "San Francisco"]
[Date "2013.09.03"]
[Round "5.23"]
[White "Allen, Tom"]
[Black "Otterbach, Renate"]
[Result "1-0"]
[WhiteElo "1574"]
[BlackElo "968"]
[PlyCount "71"]
[EventDate "2013.??.??"]

1. e4 e6 2. d4 d5 3. Nd2 c5 4. dxc5 Bxc5 5. Bd3 Ne7 6. Nb3 dxe4 7. Bb5+ Bd7 8.
Bxd7+ Nxd7 9. Qg4 Ng6 10. Qxe4 Qb6 11. Nxc5 Nxc5 12. Qe2 Rd8 13. Nf3 O-O 14.
O-O Rd5 15. c4 Rh5 16. g4 Rh6 17. Bxh6 gxh6 18. Rfd1 Nf4 19. Qe3 Nh3+ 20. Kg2
Ng5 21. Nxg5 Qc6+ 22. Nf3 f6 23. Kg1 e5 24. Rd5 Ne6 25. b3 Nf4 26. Rd2 Qe6 27.
Kh1 Kh8 28. h3 Rg8 29. Nh4 h5 30. Nf5 Qc6+ 31. f3 hxg4 32. Ne7 Qe6 33. Nxg8
Kxg8 34. hxg4 h6 35. Re1 Kg7 36. Qxf4 1-0

[Event "Mechanics' Fall TNM; 30/90, SD/30"]
[Site "San Francisco"]
[Date "2013.12.17"]
[Round "9.24"]
[White "Allen, Tom"]
[Black "Pettit, Aladdin"]
[Result "1/2-1/2"]
[WhiteElo "1580"]
[BlackElo "1514"]
[PlyCount "71"]
[EventDate "2013.??.??"]

1. e4 c5 2. d4 cxd4 3. c3 dxc3 4. Nxc3 Nc6 5. Nf3 e6 6. Bc4 Bb4 7. O-O Bxc3 8.
bxc3 Nge7 9. Bf4 O-O 10. Bd6 Re8 11. Nd4 a6 12. Bb3 Na5 13. c4 Ng6 14. c5 b6
15. Rc1 bxc5 16. Rxc5 Nb7 17. Bc7 Qe7 18. Rc3 d6 19. Bb6 Bd7 20. Rc7 Nd8 21.
Ba4 Nf8 22. Qc2 g6 23. Nc6 Qf6 24. Rd1 Nxc6 25. Bxc6 Bxc6 26. Rxc6 Rab8 27.
Rcxd6 Rec8 28. Qd2 Qc3 29. Be3 Qxd2 30. R1xd2 e5 31. f4 exf4 32. Bxf4 Rb4 33.
Rd8 Rxd8 34. Rxd8 Kg7 35. Rd4 Rb2 36. Rd2 1/2-1/2

[Event "Mechanics' Spring TNM; 30/90, SD/30"]
[Site "San Francisco"]
[Date "2013.04.02"]
[Round "3.24"]
[White "Allen, Tom"]
[Black "Shnaiderman, Lazar"]
[Result "0-1"]
[WhiteElo "1535"]
[BlackElo "1801"]
[PlyCount "52"]
[EventDate "2013.??.??"]

1. e4 c5 2. d4 cxd4 3. c3 g6 4. cxd4 d5 5. e5 Bg7 6. Nf3 Bg4 7. h3 Bxf3 8. Qxf3
e6 9. Nc3 Ne7 10. Bb5+ Nbc6 11. Bg5 O-O 12. Bxc6 bxc6 13. O-O Qc7 14. Rac1 Rab8
15. Rc2 Rfc8 16. g4 c5 17. Na4 Nc6 18. Rxc5 Nxd4 19. Qd3 Qxe5 20. f4 Qe2 21.
Qxe2 Nxe2+ 22. Kg2 Rxc5 23. Nxc5 Rxb2 24. Rf2 h6 25. Nd3 Rxa2 26. Bh4 Bd4 0-1

[Event "Mechanics' Spring TNM; 30/90, SD/30"]
[Site "San Francisco"]
[Date "2013.04.16"]
[Round "5.36"]
[White "Allen, Tom"]
[Black "Simpkins, Jerry"]
[Result "1-0"]
[WhiteElo "1535"]
[BlackElo "1317"]
[PlyCount "93"]
[EventDate "2013.??.??"]

1. e4 e5 2. Nf3 d5 3. exd5 e4 4. Qe2 f5 5. d3 Nf6 6. dxe4 fxe4 7. Bg5 Be7 8.
Bxf6 Bxf6 9. Qxe4+ Kf7 10. Qc4 Bxb2 11. d6+ Be6 12. Qf4+ Qf6 13. Ng5+ Kg8 14.
Qxf6 gxf6 15. Nxe6 Na6 16. d7 Kf7 17. d8=Q Rhxd8 18. Nxd8+ Rxd8 19. Bc4+ Kg7
20. O-O Bxa1 21. c3 Nc5 22. Re1 Na4 23. Kf1 Nxc3 24. Nxc3 Bxc3 25. Re7+ Kh6 26.
Rxc7 Rd1+ 27. Ke2 Rd2+ 28. Ke3 Rb2 29. Bb3 Be1 30. Rxb7 Bxf2+ 31. Kf3 Bb6 32.
Bg8 Rf2+ 33. Kg3 Rb2 34. Rxh7+ Kg6 35. Rd7 Kg5 36. h4+ Kg6 37. Bf7+ Kh6 38. Bg8
Rc2 39. Rh7+ Kg6 40. h5+ Kf5 41. Kh3 Rc7 42. Bf7 Rc3+ 43. g3 Kg5 44. Rg7+ Kh6
45. Rg4 Rc7 46. Bg6 Rc2 $4 47. Bxc2 1-0

[Event "Mechanics' Neil Falconer TNM; 30/90, SD"]
[Site "San Francisco"]
[Date "2013.08.13"]
[Round "2.19"]
[White "Alzhin, Leonid"]
[Black "Chandrasekaran, Siddarth"]
[Result "1/2-1/2"]
[WhiteElo "1873"]
[BlackElo "1466"]
[PlyCount "72"]
[EventDate "2013.??.??"]

1. d4 Nf6 2. c4 c5 3. e3 d6 4. Nf3 Nbd7 5. Nc3 g6 6. Be2 Bg7 7. d5 a6 8. O-O b5
9. cxb5 axb5 10. Bxb5 Ba6 11. Bxa6 Rxa6 12. Qe2 Qa8 13. a3 O-O 14. e4 Rb8 15.
Nd2 Nb6 16. f4 Na4 17. Nxa4 Rxa4 18. Rb1 Qa7 19. Kh1 Bh6 20. b3 Ra6 21. Qf3 Rf8
22. e5 dxe5 23. fxe5 Nd7 24. Nc4 Bxc1 25. Rfxc1 f5 26. e6 Nf6 27. a4 Ne4 28. g4
Qb7 29. Rd1 Rxe6 30. dxe6 fxg4 31. Qxf8+ Kxf8 32. Kg1 Kg7 33. Rd7 Qc6 34. Rxe7+
Kh6 35. Rd1 g3 36. Ne5 Qb6 {Black is winning but was low on time.} 1/2-1/2

[Event "Mechanics' Winter TNM; 30/90, SD/30"]
[Site "San Francisco"]
[Date "2013.01.22"]
[Round "3.22"]
[White "Alzhin, Leonid"]
[Black "Graeber, Marie"]
[Result "1-0"]
[WhiteElo "1828"]
[BlackElo "1571"]
[PlyCount "65"]
[EventDate "2013.??.??"]

1. d4 Nf6 2. c4 e6 3. Nf3 c6 4. Qc2 d5 5. e3 Nbd7 6. Bd3 Bd6 7. O-O O-O 8. Nc3
Re8 9. e4 dxc4 10. Bxc4 Be7 11. Bg5 h6 12. Bh4 Nb6 13. Bb3 Nfd7 14. Bxe7 Qxe7
15. e5 Nf8 16. Ne4 Nd5 17. Nd6 Rd8 18. Nd2 f6 19. N2c4 fxe5 20. dxe5 Nd7 21.
Rae1 Nc5 22. f4 Nxb3 23. Qxb3 Rf8 24. Qg3 b5 25. Ne3 Nxe3 26. Rxe3 g5 27. Ref3
Qg7 28. fxg5 Rxf3 29. Qxf3 hxg5 30. Ne8 Qe7 31. Qh5 Qc5+ 32. Kh1 Qxe5 33. Qg6+
1-0

[Event "Mechanics' Fall TNM; 30/90, SD/30"]
[Site "San Francisco"]
[Date "2013.11.05"]
[Round "3.9"]
[White "Alzhin, Leonid"]
[Black "Grey, Peter"]
[Result "0-1"]
[WhiteElo "1808"]
[BlackElo "2000"]
[PlyCount "54"]
[EventDate "2013.??.??"]

1. d4 Nf6 2. c4 g6 3. Nc3 d5 4. cxd5 Nxd5 5. e4 Nxc3 6. bxc3 Bg7 7. Bc4 c5 8.
Ne2 O-O 9. O-O Nc6 10. Be3 Bg4 11. f3 Na5 12. Bxf7+ Rxf7 13. fxg4 Rxf1+ 14.
Kxf1 cxd4 15. cxd4 e5 16. Qa4 (16. d5) 16... a6 (16... exd4 17. Bxd4 b5 18. Qb4
Nc4 $11) 17. Rc1 $6 (17. Bd2 Qf6+ 18. Kg1 Rf8 19. Be3 $14) 17... b5 18. Qd1 Nc4
19. Bf2 Rc8 20. Kg1 Bh6 21. Rc2 Rc7 22. Qd3 exd4 23. Qxd4 $2 (23. h4) (23. Bxd4
Be3+ $1 24. Kh1 Rf7 $19) 23... Rd7 24. Qc3 (24. Rxc4 Bg7 (24... Rxd4 25. Rxd4
Qa5)) 24... Rd1+ 25. Be1 Qb6+ (25... Be3+ 26. Kh1 Qf6) 26. Kh1 Qf2 (26... Bd2)
27. h3 Rxe1+ 0-1

[Event "Mechanics' Winter TNM; 30/90, SD/30"]
[Site "San Francisco"]
[Date "2013.02.12"]
[Round "6.24"]
[White "Alzhin, Leonid"]
[Black "Kokesh, Tim"]
[Result "0-1"]
[WhiteElo "1828"]
[BlackElo "2118"]
[PlyCount "84"]
[EventDate "2013.??.??"]

1. d4 Nf6 2. c4 g6 3. Nc3 Bg7 4. e4 d6 5. Bd3 O-O 6. Nge2 e5 7. d5 Nbd7 8. O-O
a5 9. f3 Nh5 10. Be3 Nc5 11. Bc2 f5 12. a3 f4 13. Bf2 g5 14. b4 axb4 15. axb4
Rxa1 16. Qxa1 Na6 17. Qb1 Rf6 18. Na4 Bf8 19. Qb2 Rg6 20. b5 Nc5 21. Nxc5 dxc5
22. Qa3 b6 23. g4 fxg3 24. Nxg3 Nf4 25. Qa8 g4 26. Be3 Nh3+ 27. Kh1 gxf3 28.
Rxf3 Bg4 29. Rxf8+ Qxf8 30. Qxf8+ Kxf8 31. Kg2 Ng5 32. Bd3 Nf7 33. Kh1 Nd6 34.
h4 Bd1 35. Kh2 Bb3 36. h5 Rf6 37. Nf5 Bxc4 38. Bxc4 Nxc4 39. Bh6+ Ke8 40. Kg3
Nd6 41. Nxd6+ cxd6 42. Bg5 Rf1 0-1

[Event "Mechanics' Fall TNM; 30/90, SD/30"]
[Site "San Francisco"]
[Date "2013.12.03"]
[Round "7.21"]
[White "Alzhin, Leonid"]
[Black "Pettit, Aladdin"]
[Result "1-0"]
[WhiteElo "1808"]
[BlackElo "1514"]
[PlyCount "93"]
[EventDate "2013.??.??"]

1. d4 Nf6 2. c4 g6 3. Nc3 Bg7 4. e4 d6 5. Nf3 O-O 6. Be2 Nbd7 7. O-O Ne8 8. Be3
e5 9. Qd2 c6 10. dxe5 Nxe5 11. Nxe5 Bxe5 12. f4 Bg7 13. e5 Bf5 14. Rad1 h5 15.
exd6 Nf6 16. h3 Qd7 17. Bf3 Kh7 18. Kh2 Rh8 19. Rfe1 Kg8 20. Bc5 Bf8 21. Bf2
Ng4+ 22. Kg1 Nxf2 23. Kxf2 Rd8 24. c5 h4 25. Ne4 Bg7 26. Ng5 Bf6 27. Be4 Kg7
28. Bxf5 Qxf5 29. Ne4 Rhe8 30. Nxf6 Rxe1 31. Kxe1 Qxf6 32. Qd4 Re8+ 33. Kf2
Qxd4+ 34. Rxd4 Kf6 35. Kf3 Ke6 36. Re4+ Kd7 37. Rxe8 Kxe8 38. Kg4 f6 39. Kxh4
Kd7 40. g4 b6 41. b4 bxc5 42. bxc5 a5 43. Kg3 a4 44. h4 a3 45. h5 gxh5 46. gxh5
Ke6 47. h6 1-0

[Event "Mechanics' Neil Falconer TNM; 30/90, SD"]
[Site "San Francisco"]
[Date "2013.08.27"]
[Round "4.5"]
[White "Alzhin, Leonid"]
[Black "Rich, Albert"]
[Result "0-1"]
[WhiteElo "1873"]
[BlackElo "2204"]
[PlyCount "68"]
[EventDate "2013.??.??"]

1. d4 d6 2. g3 g6 3. Bg2 Bg7 4. Nf3 Nf6 5. O-O O-O 6. Nbd2 c5 7. e3 Nc6 8. Re1
Bf5 9. e4 Bg4 10. h3 Bxf3 11. Nxf3 cxd4 12. Nxd4 Nxd4 13. Qxd4 Nd7 14. Qb4 a5
15. Qb5 Qc7 16. Be3 a4 17. Rad1 Ra5 18. Qb4 a3 19. Bd2 Ra7 20. Bc3 Bxc3 21.
bxc3 Rc8 22. Re3 Qa5 23. Rc1 Nc5 24. e5 dxe5 25. Rxe5 Qxb4 26. cxb4 Nd3 27.
cxd3 Rxc1+ 28. Kh2 e6 29. Rb5 Rc2 30. Ra5 Rxa5 31. bxa5 Rxf2 32. Kg1 Rxa2 33.
Bxb7 Rb2 34. a6 a2 0-1

[Event "Mechanics' Neil Falconer TNM; 30/90, SD"]
[Site "San Francisco"]
[Date "2013.10.01"]
[Round "9.8"]
[White "Alzhin, Leonid"]
[Black "Sherwood, Peter"]
[Result "0-1"]
[WhiteElo "1873"]
[BlackElo "1816"]
[PlyCount "86"]
[EventDate "2013.??.??"]

1. d4 d5 2. c4 dxc4 3. Nc3 a6 4. a4 e6 5. e4 Nf6 6. Bxc4 Bb4 7. Bd3 Nc6 8. Nge2
O-O 9. e5 Nd5 10. O-O b6 11. Qc2 f5 12. Nxd5 Qxd5 13. Bc4 Qd7 14. Qb3 a5 15.
Rd1 Re8 16. d5 Nxe5 17. dxe6 Qe7 18. Bf4 Nxc4 19. Qxc4 Bxe6 20. Qc2 Qc5 21. Qb1
Qc4 22. Nd4 Bc5 23. Be3 Bd6 24. Nxf5 Bxf5 25. Qxf5 Rf8 26. Qg5 Rf7 27. Rd4 Qe6
28. Rad1 Qf5 29. Qxf5 Rxf5 30. g3 Raf8 31. Rd5 {draw offer} Rxd5 32. Rxd5 Kf7
33. Bxb6 $2 Ke6 34. Rxa5 cxb6 35. Rb5 Bc5 36. Kg2 Ra8 37. b3 Ra5 38. f4 Rxb5
39. axb5 Kd5 40. Kf3 Bd4 41. g4 Kc5 42. Ke4 Bc3 43. h4 Kxb5 0-1

[Event "Mechanics' Fall TNM; 30/90, SD/30"]
[Site "San Francisco"]
[Date "2013.11.19"]
[Round "5.12"]
[White "Alzhin, Leonid"]
[Black "Steger, Eric"]
[Result "0-1"]
[WhiteElo "1808"]
[BlackElo "1936"]
[PlyCount "84"]
[EventDate "2013.??.??"]

1. d4 Nf6 2. c4 g6 3. Nc3 Bg7 4. e4 d6 5. Nf3 O-O 6. Be2 e5 7. O-O Nc6 8. d5
Ne7 9. Ne1 h5 10. f3 Kh7 11. Be3 Nfg8 12. c5 Bh6 13. Bxh6 Nxh6 14. Nd3 f5 15.
cxd6 cxd6 16. Rc1 fxe4 17. fxe4 Bg4 18. h3 Bxe2 19. Qxe2 a6 20. Rxf8 Qxf8 21.
Rf1 Qd8 22. Qf2 Neg8 23. Nd1 Kg7 24. Ne3 Qe7 25. Nc4 b5 26. Ne3 Nf6 27. Qh4
Nxd5 28. Qe1 Nxe3 29. Qxe3 Qa7 30. Qf2 Nf7 31. Rc1 Ng5 32. Qxa7+ Rxa7 33. Nf2
Kf7 34. h4 Ne6 35. Rc6 Ke7 36. Nd3 Kd7 37. Rc2 a5 38. Rf2 Ke7 39. Kh2 Rc7 40.
Kh3 Rc4 41. Re2 Rd4 42. Re3 Rxd3 0-1

[Event "Mechanics' Winter TNM; 30/90, SD/30"]
[Site "San Francisco"]
[Date "2013.01.08"]
[Round "1.29"]
[White "Alzhin, Leonid"]
[Black "Touset, Stephen"]
[Result "1-0"]
[WhiteElo "1828"]
[BlackElo "919"]
[PlyCount "47"]
[EventDate "2013.??.??"]

1. d4 Nf6 2. c4 e6 3. Nc3 Bb4 4. a3 Bxc3+ 5. bxc3 c5 6. Bg5 O-O 7. Qc2 Nc6 8.
Nf3 d6 9. e4 cxd4 10. cxd4 Qa5+ 11. Bd2 Qc7 12. Bd3 b6 13. O-O Bb7 14. d5 Ne7
15. Bg5 Nd7 16. Bxe7 Rfc8 17. e5 Nxe5 18. Nxe5 Qxe7 19. Nc6 Bxc6 20. dxc6 g6
21. Be4 f5 22. Bf3 Rab8 23. Qd2 e5 24. Bd5+ 1-0

[Event "Mechanics' Neil Falconer TNM; 30/90, SD"]
[Site "San Francisco"]
[Date "2013.09.10"]
[Round "6.9"]
[White "Alzhin, Leonid"]
[Black "Tsodikova, Natalya"]
[Result "0-1"]
[WhiteElo "1873"]
[BlackElo "2234"]
[PlyCount "78"]
[EventDate "2013.??.??"]

1. d4 Nf6 2. c4 g6 3. Nc3 Bg7 4. e4 d6 5. Nf3 O-O 6. Be2 Bg4 7. h3 Bxf3 8. Bxf3
Nfd7 9. Be3 c5 10. Rc1 Nc6 11. d5 Nd4 12. O-O a6 13. g4 b5 14. Be2 Qa5 15. f4
b4 16. Nb1 Qxa2 17. e5 dxe5 18. Bxd4 exd4 19. Qd3 Qa5 20. Nd2 Qc7 21. Ne4 a5
22. b3 a4 23. Bd1 a3 24. Ra1 Nf6 25. Ng3 e6 26. g5 Ne8 27. dxe6 fxe6 28. Bg4
Ra6 29. Ne2 Qe7 30. Ra2 Nd6 31. Ng3 Nf5 32. Bxf5 exf5 33. Re2 Re6 34. Rfe1 Rxe2
35. Rxe2 Qd6 36. Qd2 d3 37. Rg2 Bc3 38. Qd1 d2 39. Ne2 a2 0-1

[Event "Mechanics' Summer TNM; 30/90, SD/30"]
[Site "San Francisco"]
[Date "2013.06.18"]
[Round "4.27"]
[White "Anderson, Michael"]
[Black "Hack, Richard"]
[Result "1-0"]
[WhiteElo "1946"]
[BlackElo "1633"]
[PlyCount "71"]
[EventDate "2013.??.??"]

1. e4 e5 2. Nf3 Nc6 3. d4 exd4 4. Nxd4 Bc5 5. Nxc6 Qf6 6. Qd2 Qxc6 7. b4 Qxe4+
8. Kd1 Bxb4 9. c3 Bc5 10. f3 Qc6 11. Bd3 Ne7 12. Re1 d5 13. Qg5 Rg8 14. Bxh7
Rf8 15. Qxg7 Be6 16. Be3 O-O-O 17. Bd4 Bxd4 18. Qxd4 Kb8 19. Nd2 Rh8 20. Qf6
Qd7 (20... d4 $19) 21. Qg7 d4 $1 22. c4 d3 23. Re5 Qa4+ 24. Ke1 Rhe8 25. Be4
Rg8 26. Qf6 Nc6 27. Rb5 Rd6 28. Rab1 b6 29. c5 Bc4 30. cxd6 Bxb5 31. dxc7+ Kc8
32. Qxf7 Ne7 33. Qxe7 Bd7 34. Qf7 Rd8 35. Qc4 Qa5 36. Rc1 1-0

[Event "Mechanics' Winter TNM; 30/90, SD/30"]
[Site "San Francisco"]
[Date "2013.02.05"]
[Round "5.14"]
[White "Anderson, Michael"]
[Black "Hack, Richard"]
[Result "1-0"]
[WhiteElo "1931"]
[BlackElo "1674"]
[PlyCount "105"]
[EventDate "2013.??.??"]

1. e4 e5 2. Nf3 Nc6 3. d4 exd4 4. Nxd4 Bc5 5. Nxc6 bxc6 6. Bc4 Ne7 $2 7. Bxf7+
Kxf7 8. Qh5+ Kf8 9. Qxc5 d6 10. Qc3 Ba6 11. Bh6 Rg8 12. Qf3+ Ke8 13. Bg5 h6 14.
Qh5+ Kd7 15. Qg4+ Ke8 16. Bxe7 Qxe7 17. Qg6+ Kd7 18. Nc3 Rgf8 19. f3 Rab8 20.
O-O-O Rf6 21. Qg3 Rbf8 22. e5 Re6 23. exd6 cxd6 24. Ne4 d5 25. Qf2 Rxe4 26.
Qxa7+ Kd8 27. Qxa6 Re6 28. Qa8+ Kc7 29. Qa7+ Kc8 30. Qxe7 Rxe7 31. Rhe1 Rfe8
32. Rxe7 Rxe7 33. Kd2 Ra7 34. a3 Kd7 35. Re1 Kd6 36. Re8 Kd7 37. Rg8 Ke6 38.
Kd3 Ke5 39. Re8+ Kd6 40. c4 Rb7 41. b4 Ra7 42. c5+ Kd7 43. Rg8 Ke6 44. Re8+ Kd7
45. Rg8 Ke6 46. Kd4 Kf6 47. Rc8 Ra6 48. a4 Ke6 49. a5 g6 50. Rh8 h5 51. Rg8 Kf6
52. Rb8 Ke6 53. Rb6 1-0

[Event "Mechanics' Spring TNM; 30/90, SD/30"]
[Site "San Francisco"]
[Date "2013.05.07"]
[Round "8.2"]
[White "Anderson, Michael"]
[Black "Ivanov, Aleksandr"]
[Result "0-1"]
[WhiteElo "1953"]
[BlackElo "2079"]
[PlyCount "60"]
[EventDate "2013.??.??"]

1. e4 c6 2. d4 d5 3. f3 dxe4 4. fxe4 e5 5. Nf3 Nd7 6. c3 Ngf6 7. Bd3 Bd6 8. O-O
O-O 9. Nbd2 b5 10. a4 Rb8 11. axb5 cxb5 12. Nh4 Nc5 $5 13. Bc2 exd4 14. cxd4
Ncxe4 (14... Bxh2+ $1) 15. Nxe4 Nxe4 16. Qh5 g6 17. Qh6 Be7 18. Nf3 Bb7 19. Bf4
Rc8 20. Be5 Nf6 21. Bd3 $4 (21. Ng5 $1 $18 Rxc2 22. Rf2 $1) 21... Nh5 22. Rxa7
Bxf3 23. Rxf3 Bg5 24. Qxh5 gxh5 25. Rg3 h4 26. Rf3 Qb6 27. Rd7 Qc6 28. Rd6 Qc1+
29. Rf1 Qe3+ 30. Kh1 Qxd3 0-1

[Event "Mechanics' Winter TNM; 30/90, SD/30"]
[Site "San Francisco"]
[Date "2013.02.19"]
[Round "7.8"]
[White "Anderson, Michael"]
[Black "Ivanov, Aleksandr"]
[Result "0-1"]
[WhiteElo "1931"]
[BlackElo "2022"]
[PlyCount "78"]
[EventDate "2013.??.??"]

1. e4 c6 2. d4 d5 3. f3 dxe4 4. fxe4 e5 5. Nf3 Bg4 6. Bc4 Qxd4 7. Bxf7+ Ke7 8.
Qxd4 exd4 9. Bb3 Bxf3 10. Bg5+ Nf6 11. gxf3 h6 12. Bh4 g5 13. Bf2 c5 14. Nd2
Nc6 15. c3 Rd8 16. O-O-O b5 17. cxd4 Nxd4 18. e5 Nh5 19. Bxd4 Rxd4 20. Ne4
Rxd1+ 21. Rxd1 c4 22. Bc2 Bg7 23. Rd5 a6 24. Nc5 Rd8 25. Rxd8 Kxd8 26. Bg6 Nf4
27. Be4 Bxe5 28. Nxa6 Kd7 29. Kd2 Bxb2 30. Nc5+ Kd6 31. Nb7+ Kc7 32. Na5 Kb6
33. Nc6 Kc5 34. Ne7 Be5 35. Nf5 h5 36. Ng3 h4 37. Nf1 Kb4 38. Kc2 Ne2 39. Bb7
Ka3 0-1

[Event "Mechanics' Summer TNM; 30/90, SD/30"]
[Site "San Francisco"]
[Date "2013.06.04"]
[Round "2.25"]
[White "Anderson, Michael"]
[Black "Montoya, Daniel"]
[Result "0-1"]
[WhiteElo "1946"]
[BlackElo "1570"]
[PlyCount "114"]
[EventDate "2013.??.??"]

1. e4 e5 2. Nf3 Nc6 3. d4 exd4 4. Nxd4 Bc5 5. Nxc6 Qf6 6. Qd2 dxc6 7. Nc3 Be6
8. Na4 Rd8 9. Bd3 Bd4 10. O-O a6 11. Kh1 Nh6 12. f3 O-O 13. Qa5 b6 14. Qh5 b5
15. Bg5 Qe5 16. f4 Qd6 17. Bxd8 Rxd8 18. Nc3 Bg4 19. Qh4 Bf6 20. Qf2 Bd4 21.
Qg3 c5 22. Rae1 b4 23. e5 Qe6 24. Ne4 Bxb2 25. Qh4 Qd5 26. Nd6 (26. Nf6+ $1 $18
) 26... Qa8 27. Be4 Qb8 28. Nb7 Rd4 29. Nxc5 Bc3 30. Re3 Nf5 31. Bxf5 Bxf5 32.
Nd3 Be6 33. Qg5 Bxa2 34. Rg3 Qf8 35. f5 Bc4 36. Rf4 Bd2 37. Qxg7+ Qxg7 38.
Rxg7+ Kxg7 39. Rxd4 Bxd3 40. Rxd3 Bc3 41. Rg3+ Kf8 42. e6 a5 43. Rh3 (43. Rg8+
$18) 43... fxe6 44. fxe6 Ke7 45. Rxh7+ Kxe6 46. Rxc7 a4 47. Ra7 a3 48. g4 Kd5
49. Kg2 Kc4 50. g5 Bd4 51. Ra8 Kc3 52. Rc8+ Kb2 53. g6 a2 54. Ra8 a1=Q 55. Rxa1
Kxa1 56. h4 Kb2 57. h5 Bg7 0-1

[Event "Mechanics' Summer TNM; 30/90, SD/30"]
[Site "San Francisco"]
[Date "2013.07.02"]
[Round "6.13"]
[White "Anderson, Michael"]
[Black "Newey, Richard"]
[Result "1/2-1/2"]
[WhiteElo "1946"]
[BlackElo "1749"]
[Annotator "Anderson"]
[PlyCount "58"]
[EventDate "2013.??.??"]

1. e4 d5 2. exd5 Nf6 3. Nc3 Nxd5 4. Bc4 e6 5. Nf3 Be7 6. O-O O-O 7. d4 b6 8.
Re1 Bb7 9. Bd2 Nc6 10. a3 Bf6 11. Bxd5 exd5 12. Bf4 Rc8 13. Qd2 Na5 14. b3 c5
15. Nb5 Ba6 16. Nd6 Rc6 17. Nf5 Bc8 18. Ng3 Be6 19. Nh5 Bxd4 20. Nxd4 cxd4 21.
Qxd4 f6 22. Ng3 Qc8 23. Rac1 Bf7 24. Qb2 Bg6 25. c3 Bf7 26. Ne2 Re8 27. Be3 Rc7
$2 ({Allows} 27... Nxb3 {and if} 28. Qxb3 d4) 28. Nd4 Nc6 29. Nxc6 Rxc6 1/2-1/2

[Event "Mechanics' Fall TNM; 30/90, SD/30"]
[Site "San Francisco"]
[Date "2013.12.03"]
[Round "7.7"]
[White "Anderson, Michael"]
[Black "Royzen, Igor"]
[Result "1-0"]
[WhiteElo "1936"]
[BlackElo "1844"]
[PlyCount "47"]
[EventDate "2013.??.??"]

1. e4 c5 2. d4 cxd4 3. c3 Nf6 4. e5 Nd5 5. Qxd4 Nb6 6. Nf3 Nc6 7. Qh4 d6 8. Bb5
a6 9. Bxc6+ bxc6 10. exd6 Qxd6 11. O-O Bf5 12. Bf4 Qf6 13. Bg5 Qd6 14. Na3 f6
15. Be3 Nd5 16. Rad1 Qc7 17. Nd4 Bd7 18. Bc1 e5 19. Qh5+ g6 20. Qe2 Bxa3 21. c4
Be7 22. cxd5 exd4 23. Rfe1 Bc8 24. Bf4 1-0

[Event "Mechanics' Winter TNM; 30/90, SD/30"]
[Site "San Francisco"]
[Date "2013.01.15"]
[Round "2.5"]
[White "Anderson, Michael"]
[Black "Shakhnazarov, Oleg"]
[Result "0-1"]
[WhiteElo "1931"]
[BlackElo "2199"]
[PlyCount "78"]
[EventDate "2013.??.??"]

1. e4 c5 2. d4 cxd4 3. c3 dxc3 4. Nxc3 Nc6 5. Nf3 e6 6. Bc4 Be7 7. O-O d6 8.
Qe2 Nf6 9. Rd1 e5 10. Be3 O-O 11. b4 Bg4 12. b5 Na5 13. Bd3 Rc8 14. Rac1 b6 15.
h3 Bh5 16. Rd2 d5 $1 17. g4 d4 18. gxh5 dxc3 19. Rdc2 Ba3 20. Rd1 Qe7 21. Bg5
Qe6 22. h6 g6 23. Kh2 {Both scoresheets are unreadable at this point where
Black clearly stands better.} (23. Nh4 Nh5 24. Kh2 f6 25. Be3 Kh8 26. Nf5 Rg8
27. Qf3 Nf4 28. Bxf4 exf4 29. Re1 Bd6 30. Ne3 Be5 31. Rg1 g5 32. Nd1 Rg6 33.
Qh5 Rd8 34. f3 Nc4 35. Bxc4 Qxc4 36. h4 Rd2+ 37. Rg2 Rxd1 38. Rce2 g4 39. --
g3+) 23... Nh5 24. Rg1 f6 25. Be3 Kh8 26. Nh4 Rg8 27. -- Nf4 28. Bxf4 exf4 29.
Re1 Bd6 30. Ng2 (30. Nf3 Be5 31. Rg1 g5) 30... Be5 31. Rg1 g5 32. Ne1 Rg6 33.
Qh5 Rd8 34. f3 Nc4 35. Bxc4 Qxc4 36. h4 Rd2+ 37. Rg2 Rd1 38. Rce2 g4 39. Rc2
g3+ 0-1